African Countries In Order Of Population With Hints - Statistics

General Stats
  • This quiz has been taken 72 times
  • The average score is 44 of 54
Answer Stats
Population Hint Answer % Correct
128,691,692 E Ethiopia
100%
227,882,945 N Nigeria
100%
105,789,731 D Democratic Republic Of The Congo
96%
114,535,772 E Egypt
96%
63,212,384 S South Africa
96%
66,617,606 T Tanzania
96%
46,164,219 A Algeria
94%
55,339,003 K Kenya
94%
50,042,791 S Sudan
94%
48,656,601 U Uganda
94%
36,749,906 A Angola
91%
33,787,914 G Ghana
91%
31,165,654 I Ivory Coast
91%
37,712,505 M Morocco
91%
33,635,160 M Mozambique
89%
26,159,867 N Niger
89%
20,723,965 Z Zambia
89%
19,319,064 C Chad
85%
31,195,932 M Madagascar
85%
16,340,822 Z Zimbabwe
85%
28,372,687 C Cameroon
83%
23,769,127 M Mali
83%
13,954,471 R Rwanda
83%
23,025,776 B Burkina Faso
81%
14,405,465 G Guinea
81%
5,493,031 L Liberia
81%
127,951 S Seychelles
80%
18,358,615 S Somalia
80%
13,689,450 B Burundi
78%
11,483,374 S South Sudan
78%
9,304,337 T Togo
78%
12,200,431 T Tunisia
78%
2,480,244 B Botswana
76%
7,305,659 L Libya
76%
230,871 S São Tomé and Príncipe
76%
18,077,573 S Senegal
76%
8,460,512 S Sierra Leone
76%
14,111,034 B Benin
74%
522,331 C Cape Verde
74%
850,387 C Comoros
74%
2,311,472 L Lesotho
74%
21,104,482 M Malawi
74%
5,022,441 M Mauritania
74%
1,273,588 M Mauritius
74%
1,152,944 D Djibouti
72%
2,153,339 G Guinea Bissau
72%
1,847,549 E Equatorial Guinea
70%
3,470,390 E Eritrea
70%
1,230,506 E Eswatini
70%
2,484,789 G Gabon
70%
2,697,845 G Gambia
70%
5,152,421 C Central African Republic
69%
2,963,095 N Namibia
69%
6,182,885 R Republic Of The Congo
67%
No matching quizzes found
Score Distribution
Percent of People with Each Score
Percentile by Number Answered
Your Score History
You have not taken this quiz